[Event "US Chess/ICC Rapids"]
[Site "ICC INT"]
[Date "2021.02.07"]
[Round "5"]
[White "Tang, Andrew"]
[Black "Chang, Kyle"]
[Result "1-0"]
[WhiteElo "2538"]
[BlackElo "1409"]
[PlyCount "57"]
[EventDate "2021.02.07"]
[EventType "swiss (rapid)"]
[EventRounds "6"]
[EventCountry "USA"]
[SourceTitle "EXT 2022"]
[Source "ChessBase"]
[SourceDate "2021.10.06"]
[SourceVersion "1"]
[SourceVersionDate "2021.10.06"]
[SourceQuality "1"]

1. d4 Nf6 2. c4 e6 3. Nc3 d5 4. cxd5 exd5 5. Bg5 c6 6. e3 Be7 7. Bd3 h6 8. Bh4 Qb6 9. Qc2 a5 10. Nge2 Na6 11. a3 Bd7 12. 0-0 0-0 13. Rac1 Qd8 14. f3 Ne8 15. Bf2 Bg5 16. Rcd1 Bh4 17. Ng3 Qb8 18. e4 Nac7 19. e5 Ne6 20. Be3 Qa7 21. Nf5 Bd8 22. Qf2 b5 23. f4 b4 24. axb4 axb4 25. Ne2 Rc8 26. Qg3 Kh8 27. Qh3 N6c7 28. Qh5 Bxf5 29. Qxf5 1-0

[Event "North American op 30th"]
[Site "ICC INT"]
[Date "2020.12.29"]
[Round "7"]
[White "Chang, Kyle"]
[Black "Otawa, Yuto"]
[Result "0-1"]
[WhiteElo "1409"]
[BlackElo "2125"]
[PlyCount "57"]
[EventDate "2020.12.26"]
[EventType "swiss"]
[EventRounds "8"]
[EventCountry "USA"]
[SourceTitle "CBM 200 Extra"]
[Source "ChessBase"]
[SourceDate "2021.03.31"]
[SourceVersion "1"]
[SourceVersionDate "2021.03.31"]
[SourceQuality "1"]

1. e4 e5 2. Nf3 Nc6 3. d4 exd4 4. Bc4 Nf6 5. 0-0 Bc5 6. e5 d5 7. exf6 dxc4 8. Re1+ Be6 9. Ng5 Qd5 10. Nc3 Qf5 11. Nce4 0-0-0 12. Nxc5 Qxc5 13. Rxe6 fxe6 14. Nxe6 Qe5 15. Nxd8 Rxd8 16. fxg7 Qxg7 17. Bf4 d3 18. c3 Re8 19. Be3 Kb8 20. Qa4 Rg8 21. g3 Qg4 22. b3 Qe2 23. Qxc4 Rd8 24. Qe4 Qb2 25. Rd1 Qxa2 26. Rxd3 Qb1+ 27. Kg2 Qxd3 28. Qa4 Qd5+ 29. Kf1 0-1

[Event "North American op 30th"]
[Site "ICC INT"]
[Date "2020.12.29"]
[Round "8"]
[White "Zeng, Sheena"]
[Black "Chang, Kyle"]
[Result "1-0"]
[WhiteElo "2065"]
[BlackElo "1409"]
[PlyCount "61"]
[EventDate "2020.12.26"]
[EventType "swiss"]
[EventRounds "8"]
[EventCountry "USA"]
[SourceTitle "CBM 200 Extra"]
[Source "ChessBase"]
[SourceDate "2021.03.31"]
[SourceVersion "1"]
[SourceVersionDate "2021.03.31"]
[SourceQuality "1"]

1. d4 Nf6 2. c4 e6 3. Nf3 d5 4. Nc3 c6 5. e3 Nbd7 6. Qc2 Bd6 7. b3 e5 8. dxe5 Nxe5 9. Nxe5 Bxe5 10. Bb2 0-0 11. h3 d4 12. exd4 Bxd4 13. 0-0-0 c5 14. Kb1 Qa5 15. g4 a6 16. Bd3 g6 17. f3 b5 18. g5 bxc4 19. Bxc4 Nh5 20. Nd5 Bxb2 21. Ne7+ Kg7 22. Qxb2+ f6 23. Bd5 c4 24. Bxa8 c3 25. Qc2 Be6 26. Bd5 Bd7 27. Bc4 Bb5 28. Bxb5 axb5 29. Nc6 Qc7 30. Qxc3 Ng3 31. Rhe1 1-0